U.S. Landmarks - Statistics

General Stats
  • This quiz has been taken 94 times
  • The average score is 11 of 16
Answer Stats
Picture Answer % Correct
Golden Gate Bridge
98%
Statue of Liberty
98%
Mount Rushmore
96%
White House
88%
Empire State Building
82%
Lincoln Memorial
80%
Hoover Dam
78%
U.S. Capitol
78%
Alamo
71%
Alcatraz
69%
Washington Monument
69%
Space Needle
67%
Gateway Arch
65%
Arlington National Cemetery
20%
Pearl Harbor Memorial
16%
September 11 Memorial
8%
No matching quizzes found
Score Distribution
Percent of People with Each Score
Percentile by Number Answered
Your Score History
You have not taken this quiz